1616 (Record no. 6292)

MARC details
000 -LEADER
campo de control de longitud fija 01156nam a2200289 i 4500
001 - NÚMERO DE CONTROL
campo de control 6292
003 - IDENTIFICADOR DE NÚMERO DE CONTROL
campo de control ES-MaACL
005 - FECHA Y HORA DE LA ÚLTIMA TRANSACCIÓN
campo de control 20250819061545.0
007 - CAMPO FIJO DE DESCRIPCIÓN FÍSICA--INFORMACIÓN GENERAL
campo de control de longitud fija t|
008 - DATOS DE LONGITUD FIJA--INFORMACIÓN GENERAL
campo de control de longitud fija 890920s1981 sp |||| | spa d
080 ## - NÚMERO DE LA CLASIFICACIÓN DECIMAL UNIVERSAL
Número de la Clasificación Decimal Universal 8(05)(421.2)
080 ## - NÚMERO DE LA CLASIFICACIÓN DECIMAL UNIVERSAL
Número de la Clasificación Decimal Universal 86(05)(421.2)
080 ## - NÚMERO DE LA CLASIFICACIÓN DECIMAL UNIVERSAL
Número de la Clasificación Decimal Universal 05(46)
080 ## - NÚMERO DE LA CLASIFICACIÓN DECIMAL UNIVERSAL
Número de la Clasificación Decimal Universal 05(42)
245 00 - MENCIÓN DEL TÍTULO
Título 1616
Resto del título : (english & spanish poetry) : London, 1934-1935 : nos. I-X /
Mención de responsabilidad, etc. editores e impresores, Concha Méndez y Manuel Altolaguirre ; introducción de José Antonio Muñoz Rojas.
260 ## - PUBLICACIÓN, DISTRIBUCIÓN, ETC.
Lugar de publicación, distribución, etc. Vaduz :
Nombre del editor, distribuidor, etc. Topos ;
Lugar de publicación, distribución, etc. Madrid : Turner,
Fecha de publicación, distribución, etc. 1981.
300 ## - DESCRIPCIÓN FÍSICA
Extensión X, 203 p. ;
Dimensiones 32 cm.
490 1# - MENCIÓN DE SERIE
Mención de serie Biblioteca del 36.
-- Revistas en la Segunda República Española ;
Designación de volumen o secuencia 19
534 ## - NOTA SOBRE LA VERSIÓN ORIGINAL
Frase introductoria Reprod. facs. de la revista ed. en:
Publicación, distribución, etc. del original Londres, 1934-1935.
630 04 - PUNTO DE ACCESO ADICIONAL DE MATERIA--TÍTULO UNIFORME
Título uniforme 1616 (Londres)-
Subdivisión de forma Facsímiles.
9 (RLIN) 167889
700 0# - ENTRADA AGREGADA--NOMBRE PERSONAL
Nombre de persona Méndez Cuesta, Concha,
Fechas asociadas al nombre 1898-1986
9 (RLIN) 80112
700 1# - ENTRADA AGREGADA--NOMBRE PERSONAL
Nombre de persona Altolaguirre Bolín, Manuel,
Fechas asociadas al nombre 1905-1959
9 (RLIN) 20553
700 1# - ENTRADA AGREGADA--NOMBRE PERSONAL
Nombre de persona Muñoz Rojas, José Antonio,
Fechas asociadas al nombre 1909-2009
9 (RLIN) 84489
830 00 - PUNTO DE ACCESO ADICIONAL DE SERIE-TÍTULO UNIFORME
Título uniforme Biblioteca del 36.
Nombre de parte o sección de la obra Revistas en la Segunda República española
Designación de volumen o secuencia 19
9 (RLIN) 177501
852 ## - LOCALIZACIÓN
Ubicación ES-MaACL
Número de control de estantería L-13504
Holdings
Estatus retirado Estado de pérdida Estado de daño No para préstamo Biblioteca de origen Biblioteca actual Ubicación en estantería Fecha de adquisición Fuente de adquisición Total de préstamos Signatura topográfica completa Código de barras Visto por última vez Precio de reemplazo Tipo de ítem Koha
        Biblioteca del Ateneo de Madrid Biblioteca del Ateneo de Madrid Depósito 2 17/01/2008     L-13504 1006405 23/02/2023 23/02/2023 Libro impreso